000 01116nam0a2200337 i 4500
001 RU\NLR\BIBL_A\012599934
005 20241105221736.0
010 _a9785604436622
_9100
021 _aRU
_b2021-34351
_9КН-П-2683
035 _a(NLR Aleph) 012599934
090 _a12578940
_c12578940
100 _a20210922d2020 u y0rusy50 ca
101 0 _arus
102 _aRU
105 _aach z 000 y
181 0 _ai
_baxxe
182 0 _an
200 1 _aДжунусовы. История рода
_eБ. Б. Джунусов
203 _aТекст
_bвизуальный
_cнепосредственный
210 _aМосква
_cРегтайм
_d2020
215 _a194, [30] с.
_cил., цв. ил., портр., факс.
_d31
300 _aНа обл. авт. не указан
602 _aДжунусовы (род)
_92492798
_3RU\NLR\AUTH\6601694991
686 1 _aТ214(5Каз)
700 1 _aДжунусов
_bБ. Б.
722 _aДжунусовы (род)
_4570
942 _cBOOK
980 _aGENEAL02
980 _aNBR